| 000 | 00588nam a2200169 a 4500 | ||
|---|---|---|---|
| 001 | 000037514 | ||
| 005 | 20200930080415.0 | ||
| 008 | 120420s1988 sp 000 0 spa d | ||
| 020 | _a8400068874 | ||
| 040 |
_aDO-SdBNP _bspa _cBNPHU |
||
| 100 | 1 |
_aSevilla Soler, Rosario _959378 |
|
| 245 | 1 | 0 |
_aInmigración y cambio socio-económico en Trinidad (1783-1797) / _cRosario Sevilla Soler. |
| 260 |
_aSevilla : _bEscuela de Estudios Hispano-Americanos de Sevilla, _c1988. |
||
| 300 |
_a238 p. ; _c25 cm. |
||
| 500 | _aIncluye notas al pie de las páginas | ||
| 504 | _aBibliografía : p. 237-238 | ||
| 999 |
_c37004 _d37004 |
||